Euro Area Policies : Selected Issues.

This Selected Issues paper on Euro Area Policies underlies global rebalancing of accounts. From a growth-accounting perspective, slower growth in the capital-labor ratio seems to be the main driver behind the deceleration in labor productivity. The increase in bilateral trade was accompanied by a la...

Ful tanımlama

Detaylı Bibliyografya
Müşterek Yazar: International Monetary Fund
Materyal Türü: Dergi
Dil:English
Baskı/Yayın Bilgisi: Washington, D.C. : International Monetary Fund, 2004.
Seri Bilgileri:IMF Staff Country Reports; Country Report ; No. 2004/235
Online Erişim:Full text available on IMF
LEADER 01600cas a2200241 a 4500
001 AALejournalIMF003147
008 230101c9999 xx r poo 0 0eng d
020 |c 5.00 USD 
020 |z 9781451812954 
022 |a 1934-7685 
040 |a BD-DhAAL  |c BD-DhAAL 
110 2 |a International Monetary Fund. 
245 1 0 |a Euro Area Policies :   |b Selected Issues. 
264 1 |a Washington, D.C. :  |b International Monetary Fund,  |c 2004. 
300 |a 1 online resource (156 pages) 
490 1 |a IMF Staff Country Reports 
500 |a <strong>Off-Campus Access:</strong> No User ID or Password Required 
500 |a <strong>On-Campus Access:</strong> No User ID or Password Required 
506 |a Electronic access restricted to authorized BRAC University faculty, staff and students 
520 3 |a This Selected Issues paper on Euro Area Policies underlies global rebalancing of accounts. From a growth-accounting perspective, slower growth in the capital-labor ratio seems to be the main driver behind the deceleration in labor productivity. The increase in bilateral trade was accompanied by a large bilateral EU trade deficit. China's market share seems to have increased mainly at the expense of other East Asian countries. EU trade with China increased at more than twice the rate of total EU external trade, and China became the EU's second largest trading partner. 
538 |a Mode of access: Internet 
830 0 |a IMF Staff Country Reports; Country Report ;  |v No. 2004/235 
856 4 0 |z Full text available on IMF  |u http://elibrary.imf.org/view/journals/002/2004/235/002.2004.issue-235-en.xml  |z IMF e-Library